The Office Cold Openings, Season 2 Quiz Stats

Quiz not verified by Sporcle

Challenge
Share
Tweet
Embed
Score 0/20 Timer 07:00
1 Play Today
Hint Answer % Correct
Is it just me, or does it smell like updawg in here?What's up dawg?
81.4%
This person temps as the receptionist while Pam is on vacation.Ryan
73.4%
Michael confuses this person with a terrorist.IT Tech Guy
69.2%
When Dwight's belongings are in the vending machine, Pam purchases this.Pencil Cup
63%
While playing football in the office, Michael strikes this collegiate pose.Heisman Trophy
63%
Dwight says this item only costs $25 prompting Jim to pop it.Fitness Orb
62.1%
When Dwight's desk is in the bathroom, Kevin comes out of the stall holding this.Candle
57.1%
Michael wishes he could fire Cheri, who holds this job at corporate.Jan's Assistant
55.3%
Jim has had this power since he was 8 or 9 years old.Telekinesis
39.9%
Pam compares herself with this fictional character when she puts candy on her desk.The Witch from Hansel and Gretel
38.5%
Hint Answer % Correct
Michael doesn't eat this part of his breakfast sandwich after Ryan comes in early to deliver it.Biscuit
37.4%
Dwight a volunteer sheriff's deputy for this county.Lackawanna County
34.8%
Dwight forgets this when he goes to pick up Michael after he burns his foot.His Bumper
30.7%
The card that comes with Phyllis's flowers is signed this way.Bob Vance, Vance Refrigeration
28.7%
Ryan picks up this dry-cleaned item along with Michael's Levi jeans.Michael's Lucky Tie
27.8%
Michael gets into a pyramid scheme selling these.Calling Cards
26.1%
Jim gives Katie this title when she calls him to confirm their lunch date.Stalker
23.1%
Both Pam and Jim must listen to Dwight order this over the internet.Deer Urine
21.6%
Dwight gets this ailment when he carries in the Christmas tree with Michael.Splinter
19.5%
Michael references this television show when talking about women in today's workplace.Ally McBeal
10.7%

You're not logged in!

Compare scores with friends on all Sporcle quizzes.
Join for Free
OR
Log In

You Might Also Like...

Show Comments

Extras

Top Quizzes Today


Score Distribution

Your Account Isn't Verified!

In order to create a playlist on Sporcle, you need to verify the email address you used during registration. Go to your Sporcle Settings to finish the process.

Report this User

Report this user for behavior that violates our Community Guidelines.

Details: